000 01055nam a2200205Ii 4500
003 JO-AjNU
008 230605s9999||||xx |||||||||||||| ||und||
040 _aJO-AjNU
_bara
_erda
_cJO-AjNU
041 _aara
050 1 4 _aBP497.55.I243.A22 2002
100 3 _aالمالكي، أبي محمد عبد الوهاب بن علي ؛ تصحيح وضبط: أبو أويس التطواني ؛ تعليق: أبو الفضل الطنجي,
_eauthor
_917454
245 0 0 _aشرح عقيدة الإمام مالك الصغير ويليها جزء في الأوهام
250 _aط1
264 3 1 _aبيروت: دار الكتب العلمية، 2002
300 _aعقيدة الامام مالك165ص؛ جزء في الاوهام33ص
_bعقيدة الامام مالك: الفهارس العامة ص147-165 ؛ جزء في الاوهام: الفهارس العامة ص 29-33
336 _atext
_btxt
_2rdacontent
337 _aunmediated
_bn
_2rdamedia
338 _avolume
_bnc
_2rdacarrier
650 4 _aعلم الكلام- الامام مالك بن انس
_917455
999 _aA5393
_c8961
_d8961